01289 2200241 4500001002100000005001500021035002000036008004100056020001800097041000800115082001000123084001600133100002500149245009800174260004400272300002700316504002000343520060000363650001800963650001400981990002600995990002601021INLIS00000000000623020221027082926 a0010-0520006230221027 | | ind  a979-444-413-8 aind a332.1 a332.1 SUT p0 aSutan Remy Sjahdeini1 aPerbankan Islam :bDan Kedudukan dalam Tata Hukum Perbankan Indonesia /cSutan Remy Sjahdeini aJakarta :bPustaka Utama Grafiti,c2005 axxvi , 425 p. ;c21 cm ahlm 215 - 217 . aUndang-undang No.10 Tahun 1998 tentang Perubahan atas Undang-undang No.7 Tahun 1992 tentang Perbankan, telah mendorong tumbuh dan berkembangnya jasa-jasa perbankan Islam sebagai alternatif pembiayaan yang dapat diberikan oleh pasar keuangan Indonesia. Buku ini memuat penjelasan mengenai pengertian bank berdasarkan prinsip syariah atau perbankan Islam, sejarah dan latar belakang lahirnya perbankan Islam, Jasa-jasa apa saja yang ditawarkan oleh perbankan Islam, bagaimana mekanisme kerja dari masing-masing jasa itu, selain itu pula dibahas bagaimana kedudukan perbankan Islam dalam tata hukum 4aI. Bank Islam 4aII. Judul a06678/MKRI-P/XII-2007 a06678/MKRI-P/XII-2007